000 00697nam a22002177a 4500
003 UA-OsUOA
001 122905
007 ta
008 20170524b un ||||| |||| 00| 0 ukr d
100 _aДіденко Н.
090 _a81
_bД50
942 _cSA
040 _aUA-OsUOA
_bukr
_cUA-OsUOA
_dUA-OsUOA
245 _aПозакласне заняття з української мови з використанням музейно-педагогічної технології
300 _aС.21-29
955 _a0
041 _aukr
080 _a81
773 0 _w122902
650 7 _a8 Мовознавство. Художня література. Літературознавство
_2UDC
999 _c409576
_d409576